000 00458nam a22001817a 4500
003 MPLRDC
005 20220104200226.0
008 210129b ||||| |||| 00| 0 eng d
020 _a978-7-5075-3988-2
082 _a225 BAR c.2
100 _a布阿荣博堪布
245 _a生命这出戏
_c
250 _a一版一刷
260 _a中国
_b华文出版社
_c2013
300 _b
650 _a佛教布教及信仰生活
942 _cBK
_o225 BAR c.2
999 _c66588
_d66578